[Event "Odense Andersen op"]
[Site "Odense"]
[Date "2012.05.18"]
[Round "5"]
[White "Munksgaard, Daniel"]
[Black "Becker, Martin"]
[Result "1-0"]
[WhiteElo "1877"]
[BlackElo "2365"]
[PlyCount "79"]
[EventDate "2012.05.16"]
[EventType "swiss"]
[EventRounds "9"]
[EventCountry "DEN"]
[SourceTitle "CBM 148 Extra"]
[Source "ChessBase"]
[SourceDate "2012.06.22"]
[SourceVersion "1"]
[SourceVersionDate "2012.06.22"]
[SourceQuality "1"]

1. e4 c5 2. Nf3 Nf6 3. Nc3 d5 4. exd5 Nxd5 5. d4 e6 6. dxc5 Nxc3 7. Qxd8+ Kxd8 8. bxc3 Bxc5 9. Bf4 Nc6 10. Bb5 Bd7 11. Rd1 Ke7 12. 0-0 Rac8 13. Rd2 Rhd8 14. Rfd1 f6 15. h3 e5 16. Bxc6 Bxc6 17. Nxe5 fxe5 18. Bg5+ Ke6 19. Rxd8 Rc7 20. R8d2 b6 21. Be3 Be7 22. Re1 Bd5 23. Bf4 Bf6 24. Bxe5 Bxe5 25. f4 Bxa2 26. Rxe5+ Kf7 27. g4 Bc4 28. Kf2 b5 29. Rd8 a5 30. Ke3 a4 31. Ra8 Rd7 32. Rc5 Re7+ 33. Kd4 Rd7+ 34. Ke5 Re7+ 35. Kd6 Re6+ 36. Kc7 Re7+ 37. Kb6 Re3 38. Rc7+ Kf6 39. Rf8+ Kg6 40. Rc6+ 1-0

[Event "Odense Andersen op"]
[Site "Odense"]
[Date "2012.05.17"]
[Round "2"]
[White "Munksgaard, Daniel"]
[Black "Jacobsen, Bo"]
[Result "0-1"]
[WhiteElo "1877"]
[BlackElo "2337"]
[PlyCount "88"]
[EventDate "2012.05.16"]
[EventType "swiss"]
[EventRounds "9"]
[EventCountry "DEN"]
[SourceTitle "CBM 148 Extra"]
[Source "ChessBase"]
[SourceDate "2012.06.22"]
[SourceVersion "1"]
[SourceVersionDate "2012.06.22"]
[SourceQuality "1"]

1. e4 g6 2. d4 Bg7 3. Nf3 d6 4. Bc4 c6 5. Nc3 Nf6 6. e5 dxe5 7. Nxe5 0-0 8. Be3 Nbd7 9. Nxd7 Bxd7 10. h3 Qa5 11. 0-0 Rad8 12. Qf3 Qf5 13. Qe2 Be6 14. Bd3 Qa5 15. a3 Ne8 16. Bc4 Bxc4 17. Qxc4 Nd6 18. Qb3 Rd7 19. Ne2 Nf5 20. c3 e5 21. Rad1 Re8 22. dxe5 Rxd1 23. Rxd1 Nxe3 24. fxe3 Qxe5 25. Rd3 Bh6 26. Nf4 Bxf4 27. exf4 Qxf4 28. Rd1 Re2 29. Rf1 Qe3+ 30. Kh1 Qe7 31. c4 Qe4 32. Rf3 Qb1+ 33. Kh2 Qxb2 34. Qxb2 Rxb2 35. Rd3 h5 36. Rd7 h4 37. Re7 Kg7 38. a4 Kf6 39. Rc7 a5 40. c5 Ke6 41. Rc8 Rb4 42. Ra8 Rxa4 43. Ra7 Rb4 44. Rxa5 Kd5 0-1

[Event "Odense Andersen op"]
[Site "Odense"]
[Date "2012.05.17"]
[Round "3"]
[White "Valembois, Pierre"]
[Black "Munksgaard, Daniel"]
[Result "0-1"]
[WhiteElo "1316"]
[BlackElo "1877"]
[PlyCount "54"]
[EventDate "2012.05.16"]
[EventType "swiss"]
[EventRounds "9"]
[EventCountry "DEN"]
[SourceTitle "CBM 148 Extra"]
[Source "ChessBase"]
[SourceDate "2012.06.22"]
[SourceVersion "1"]
[SourceVersionDate "2012.06.22"]
[SourceQuality "1"]

1. g4 d5 2. Bg2 c6 3. g5 e5 4. d3 Bc5 5. Nf3 Qc7 6. Nbd2 Ne7 7. h4 Be6 8. Bh3 Bxh3 9. Rxh3 Nd7 10. e4 0-0-0 11. h5 f5 12. Nh4 fxe4 13. dxe4 Rhf8 14. Ndf3 dxe4 15. g6 exf3 16. h6 Nb6 17. Bd2 Nxg6 18. Nxg6 hxg6 19. h7 e4 20. c3 Nc4 21. Qb3 Qd7 22. Rd1 Qxh3 23. Qxc4 Rd3 24. Qxd3 exd3 25. Be3 Bxe3 26. fxe3 Qg2 27. Rxd3 Qe2# 0-1

[Event "Bornholms Sommer B1"]
[Site "Ronne"]
[Date "2011.07.09"]
[Round "3"]
[White "Munksgaard, Daniel"]
[Black "Adolfssen, Rico"]
[Result "1-0"]
[WhiteElo "1786"]
[BlackElo "1744"]
[PlyCount "39"]
[EventDate "2011.07.08"]
[EventType "tourn"]
[EventRounds "5"]
[EventCountry "DEN"]
[SourceTitle "EXT 2023"]
[Source "ChessBase"]
[SourceDate "2022.10.05"]
[SourceVersion "1"]
[SourceVersionDate "2022.10.05"]
[SourceQuality "1"]

1. e4 e6 2. d4 d5 3. Nc3 Bb4 4. Bd3 c5 5. exd5 Bxc3+ 6. bxc3 Qxd5 7. Nf3 c4 8. Be2 Nf6 9. 0-0 0-0 10. Nd2 b5 11. Bf3 Qd6 12. Bxa8 Nc6 13. Bxc6 Qxc6 14. Qf3 Nd5 15. Ba3 Rd8 16. Ne4 Bb7 17. Ng5 Rd7 18. Rfe1 Qc7 19. Nxe6 Qb8 20. Nc5 1-0